Byabashaya sangathan (Record no. 6028)
[ view plain ]
| 000 -LEADER | |
|---|---|
| fixed length control field | 00543cam a2200193ua 4500 |
| 008 - FIXED-LENGTH DATA ELEMENTS--GENERAL INFORMATION | |
| fixed length control field | 140311n ii |||gr||||Z||||||asm |
| 040 ## - CATALOGING SOURCE | |
| Transcribing agency | MAIN |
| 082 ## - DEWEY DECIMAL CLASSIFICATION NUMBER | |
| Classification number | 338.7 |
| 245 ## - TITLE STATEMENT | |
| Title | Byabashaya sangathan |
| Statement of responsibility, etc. | By Purna chandra Bordoloi |
| 250 ## - EDITION STATEMENT | |
| Edition statement | 1st ed. / |
| Remainder of edition statement | Vol II. |
| 260 ## - PUBLICATION, DISTRIBUTION, ETC. | |
| Place of publication, distribution, etc. | Guwahati: |
| Name of publisher, distributor, etc. | Assam ucchatar madhyamik siksha sanshad, |
| Date of publication, distribution, etc. | 1992. |
| 300 ## - PHYSICAL DESCRIPTION | |
| Extent | x,143p. |
| 700 ## - ADDED ENTRY--PERSONAL NAME | |
| Personal name | Bordoloi,Purna chandra, |
| Relator term | |
| 700 ## - ADDED ENTRY--PERSONAL NAME | |
| Personal name | Sharma,Umesh chandra, |
| Relator term | |
| 942 ## - ADDED ENTRY ELEMENTS (KOHA) | |
| Koha item type | Books |
| 653 ## - INDEX TERM--UNCONTROLLED | |
| Uncontrolled term | Production |
| 653 ## - INDEX TERM--UNCONTROLLED | |
| Uncontrolled term | Byabashaya sangathan |
| Withdrawn status | Lost status | Damaged status | Not for loan | Home library | Current library | Shelving location | Date acquired | Total Checkouts | Full call number | Barcode | Date last seen | Copy number | Price effective from | Koha item type |
|---|---|---|---|---|---|---|---|---|---|---|---|---|---|---|
| Central Library, Naharkatiya College | Central Library, Naharkatiya College | General Stacks | 19/09/2020 | 338.7 | BOR | 13288 | 19/09/2020 | 1 | 19/09/2020 | Books |
